| 000 | 00458nam a2200169Ia 4500 | ||
|---|---|---|---|
| 008 | 180921t2020 xxu||||| |||| 00| 1 sin d | ||
| 041 | _asin | ||
| 080 |
_aX8C31 _bHUL |
||
| 100 | _aHulugalle, Sriyani | ||
| 245 | _aඔබගෙන් වෙන් වී මම යන්නම් | ||
| 246 | _aObagen Wen Wee Mama Yannam | ||
| 260 |
_bs.n. _as.i. _c2020 |
||
| 300 | _a336p., 21cm | ||
| 942 | _cBK | ||
| 999 |
_c8177 _d8177 |
||
| 003 | LK-CoDNM | ||
| 040 |
_aLK-CoDNM _dLK-CoDNM _eLK-CoDNM |
||